Galáctica / (Registro nro. 3238)

Detalles MARC
000 -LEADER
fixed length control field 00825nam a2200229Ia 4500
003 - CONTROL NUMBER IDENTIFIER
control field OSt
005 - DATE AND TIME OF LATEST TRANSACTION
control field 20200718151110.0
008 - FIXED-LENGTH DATA ELEMENTS--GENERAL INFORMATION
fixed length control field 191128t1978 ck er 000 f spa d
020 ## - INTERNATIONAL STANDARD BOOK NUMBER
International Standard Book Number 8427004788
040 ## - CATALOGING SOURCE
Original cataloging agency CO-JMCR
Transcribing agency CO-JMCR
041 ## - LANGUAGE CODE
Language code of text/sound track or separate title spa
082 04 - DEWEY DECIMAL CLASSIFICATION NUMBER
Classification number N /
Item number LARg
100 1# - MAIN ENTRY--PERSONAL NAME
Personal name Larson, Glen A.
Relator term autor
9 (RLIN) 7549
245 10 - TITLE STATEMENT
Title Galáctica /
Statement of responsibility, etc. Glen A. Larson, Robert Thurston
260 ## - PUBLICATION, DISTRIBUTION, ETC.
Place of publication, distribution, etc. Madrid :
Name of publisher, distributor, etc. Ediciones Martínez Roca,
Date of publication, distribution, etc. ©1978
300 ## - PHYSICAL DESCRIPTION
Extent 248 páginas ;
Dimensions 20 cm.
490 ## - SERIES STATEMENT
Series statement Super ficción
520 ## - SUMMARY, ETC.
Summary, etc. Un enorme astronave explora el universo en busca del legendario planeta perdido llamado "Tierra"… la lucha entre los colonizadores intergaláctivos y un extraño ejército de seres desconocidos.
650 14 - SUBJECT ADDED ENTRY--TOPICAL TERM
Topical term or geographic name entry element Novela estadounidense
9 (RLIN) 7550
700 ## - ADDED ENTRY--PERSONAL NAME
Personal name Thurston, Robert,
Relator term autor
9 (RLIN) 7551
942 ## - ADDED ENTRY ELEMENTS (KOHA)
Source of classification or shelving scheme Dewey Decimal Classification
Koha item type Books
Existencias
Withdrawn status Lost status Source of classification or shelving scheme Damaged status Not for loan Collection code Home library Current library Date acquired Source of acquisition Total Checkouts Full call number Barcode Date last seen Date last checked out Copy number Koha item type
    Dewey Decimal Classification     Fiction Biblioteca Pública José María del Castillo y Rada Biblioteca Pública José María del Castillo y Rada 11/28/2019 Donación 1 J-N LARg 201506969 08/20/2025 08/19/2025 Ej.1 Books